National Assembly Library of Thailand

รวมกฎหมายไทย เล่ม อ [ร4] (ระเบียนเลขที่ 15875)

รายละเอียดในรูปแบบ MARC
000 -LEADER
fixed length control field 01338nam a22003137a 4500
005 - DATE AND TIME OF LATEST TRANSACTION
control field 20240814173817.0
008 - FIXED-LENGTH DATA ELEMENTS--GENERAL INFORMATION
fixed length control field m252825 th thaha d
041 ## - LANGUAGE CODE
Language code of text/sound track or separate title tha
090 ## - LOCALLY ASSIGNED LC-TYPE CALL NUMBER (OCLC); LOCAL CALL NUMBER (RLIN)
Classification number (OCLC) (R) ; Classification number, CALL (RLIN) (NR) KA204 ส895ร4 ล.อ
100 0# - MAIN ENTRY--PERSONAL NAME
Personal name เสถียร วิชัยลักษณ์
245 10 - TITLE STATEMENT
Title รวมกฎหมายไทย เล่ม อ [ร4]
260 3# - PUBLICATION, DISTRIBUTION, ETC.
Place of publication, distribution, etc. กรุงเทพฯ :
Name of publisher, distributor, etc. นีติเวชช์,
Date of publication, distribution, etc. 2528-2532
300 ## - PHYSICAL DESCRIPTION
Extent 1 เล่ม :
Other physical details ตาราง ;
Dimensions 26 ซม.
650 04 - SUBJECT ADDED ENTRY--TOPICAL TERM
Topical term or geographic name entry element กฎหมาย -- ไทย
650 04 - SUBJECT ADDED ENTRY--TOPICAL TERM
Topical term or geographic name entry element นก (พ.ร.บ.) -- 2482
650 04 - SUBJECT ADDED ENTRY--TOPICAL TERM
Topical term or geographic name entry element นกอีแอ่น (พ.ร.บ.) -- 2482
650 04 - SUBJECT ADDED ENTRY--TOPICAL TERM
Topical term or geographic name entry element ปืน (พ.ร.บ.) -- 2490
650 04 - SUBJECT ADDED ENTRY--TOPICAL TERM
Topical term or geographic name entry element องค์การโทรศัพท์แห่งประเทศไทย (พ.ร.บ.) -- 2497
650 04 - SUBJECT ADDED ENTRY--TOPICAL TERM
Topical term or geographic name entry element อาคารชุด (พ.ร.บ.) -- 2522
650 04 - SUBJECT ADDED ENTRY--TOPICAL TERM
Topical term or geographic name entry element อาวุธ (พ.ร.บ.) -- 2490
650 04 - SUBJECT ADDED ENTRY--TOPICAL TERM
Topical term or geographic name entry element อาหาร (พ.ร.บ.) -- 2522
650 04 - SUBJECT ADDED ENTRY--TOPICAL TERM
Topical term or geographic name entry element อุทยานแห่งชาติ (พ.ร.บ.) -- 2504
650 04 - SUBJECT ADDED ENTRY--TOPICAL TERM
Topical term or geographic name entry element โทรศัพท์ (พ.ร.บ.) -- 2497
700 0# - ADDED ENTRY--PERSONAL NAME
Personal name เสถียร วิชัยลักษณ์
850 ## - HOLDING INSTITUTION
Holding institution NALT
942 ## - ADDED ENTRY ELEMENTS (KOHA)
Koha item type Reference Book
997 ## -
-- 000000000015875
998 ## - LOCAL CONTROL INFORMATION (RLIN)
-- SANG-AROON ANU-KRAUGH
-- 25
-- นีลวัสน์ อินทรักษา
รายการที่มีในห้องสมุด
Withdrawn status Lost status Damaged status Not for loan Collection code Home library Current library Total Checkouts Full call number Barcode Date last seen Price effective from Koha item type
        Law Book collection National Assembly Library of Thailand National Assembly Library of Thailand   KA 204 ส895ร4 ล.อ 3961127811 09/06/2017 09/06/2017 Reference Book
หอสมุดรัฐสภา
สำนักงานเลขาธิการสภาผู้แทนราษฎร เลขที่ 1111 ถนนสามเสน แขวงถนนนครไชยศรี เขตดุสิต กรุงเทพฯ 10300
The Secretariat of the House of Representatives 1111 Samsen Road, Thanon Nakhon Chai Si, Dusit, Bangkok 10300, THAILAND
โทรศัพท์: +66(0) 2242 5900 ต่อ 5714-5 โทรสาร: +66(0) 2242 5990 อีเมล: [email protected]